<?xml version="1.0" encoding="UTF-8"?>
<record
    xmlns:xsi="http://www.w3.org/2001/XMLSchema-instance"
    xsi:schemaLocation="http://www.loc.gov/MARC21/slim http://www.loc.gov/standards/marcxml/schema/MARC21slim.xsd"
    xmlns="http://www.loc.gov/MARC21/slim">

  <leader>06029nam a2200421 a 4500</leader>
  <controlfield tag="003">CHAP</controlfield>
  <controlfield tag="005">20250610124436.0</controlfield>
  <controlfield tag="007">ta</controlfield>
  <controlfield tag="008">250609s2002    mx ad  frm    00110 spa d</controlfield>
  <datafield tag="040" ind1=" " ind2=" ">
    <subfield code="c">CHAP</subfield>
    <subfield code="a">mxchpua</subfield>
    <subfield code="e">rda</subfield>
  </datafield>
  <datafield tag="041" ind1="0" ind2=" ">
    <subfield code="a">spa</subfield>
    <subfield code="b">eng</subfield>
  </datafield>
  <datafield tag="090" ind1=" " ind2=" ">
    <subfield code="a">Tesis </subfield>
    <subfield code="b">S55 </subfield>
    <subfield code="c">2002</subfield>
  </datafield>
  <datafield tag="100" ind1="1" ind2=" ">
    <subfield code="a">Silerio Rodelo, Daniel</subfield>
  </datafield>
  <datafield tag="240" ind1="1" ind2="0">
    <subfield code="a">Evaluation and use of the by-products (internal organ, blood, head) of the rabbit (Orictalagus cunniculus L.).</subfield>
    <subfield code="l">Espa&#xF1;ol</subfield>
  </datafield>
  <datafield tag="245" ind1="1" ind2="0">
    <subfield code="a">Evaluaci&#xF3;n y aprovechamiento de los subproductos (visceras, sangre y cabeza) del conejo (Orictalagus cunniculus L.) /</subfield>
    <subfield code="c">Daniel Silerio Rodelo</subfield>
  </datafield>
  <datafield tag="264" ind1=" " ind2=" ">
    <subfield code="a">Chapingo, M&#xE9;xico :</subfield>
    <subfield code="b">El autor,</subfield>
    <subfield code="c">2002</subfield>
  </datafield>
  <datafield tag="300" ind1=" " ind2=" ">
    <subfield code="a">vii, 91 hojas :</subfield>
    <subfield code="b">ilustraciones, gr&#xE1;ficas, tablas</subfield>
  </datafield>
  <datafield tag="336" ind1=" " ind2=" ">
    <subfield code="2">rdacontent</subfield>
    <subfield code="a">texto</subfield>
    <subfield code="b">txt</subfield>
  </datafield>
  <datafield tag="337" ind1=" " ind2=" ">
    <subfield code="2">rdamedia</subfield>
    <subfield code="a">no mediado</subfield>
    <subfield code="b">n</subfield>
  </datafield>
  <datafield tag="338" ind1=" " ind2=" ">
    <subfield code="2">rdacarrier</subfield>
    <subfield code="a">volumen</subfield>
    <subfield code="b">nc</subfield>
  </datafield>
  <datafield tag="502" ind1=" " ind2=" ">
    <subfield code="a">Tesis </subfield>
    <subfield code="b">(Ingeniero Agroindustrial) -- </subfield>
    <subfield code="c">UACh. Departamento de Ingenier&#xED;a Agroindustrial,</subfield>
    <subfield code="d">2002</subfield>
  </datafield>
  <datafield tag="504" ind1=" " ind2=" ">
    <subfield code="a">Bibliograf&#xED;a: hojas 89-91</subfield>
  </datafield>
  <datafield tag="520" ind1="3" ind2=" ">
    <subfield code="a">En la presente investigaci&#xF3;n se tiene como objetivo evaluar los subproductos derivados del sacrificio del conejo, lo que conlleva elaborar harina de sangre y queso de cabeza as&#xED; Como aprovechar las v&#xED;sceras para Consumo humano; y con ello determinar la cantidad de subproductos que son desechados en los mataderos, Ocasion&#xE1;ndose con ello problemas de contaminaci&#xF3;n al mismo tiemp0 que se genera un valor agregado a los productos de desecho. El trabajo se realizo con 108 conejos de la raza Nueva Zelanda Blanco, destetados a 30-32 d&#xED;as con un pesO promedio de 700 gy sacrificados a 85-90 d&#xED;as de edad. En la alimentaci&#xF3;n de los animales con los cuales se trabajo se utilizaron dos dietas comerciales diferentes, nacimiento-destete (lactancia) (32 d&#xED;as) se utiliz&#xF3; Purina Tipo Especial (CONEJINA E F), en engorda se utiliz&#xF3; Purina Tipo Normal (CONEJINA N). Se obsevo una relaci&#xF3;n directamente proporcional con respecto al peso de la canal (promedio 50 %) y el peso del animal, as&#xED; mismo, se encuentra que mientras m&#xE1;s pegue&#xF1;Os Son los animales el rendimiento de los subproductos es mayor y menor el de la canal. Al aprovechar los despojos en la obtenci&#xF3;n de productos para consumo humano los resultados fueron favorables; con las v&#xED;sceras blancas y rojas se elaboraron tres productOs de los cuales en las tripas o intestinos blancos en salsa y los est&#xF3;magos0 panzas rellenas obtuvo un buen grado de aceptaci&#xF3;n por parte de los panelistas, el pat&#xE9; de h&#xED;gado fue el producto que tuvo una aceptaci&#xF3;n baja (50 %). El higado de Conejo present&#xF3; una gran facilidad para la absorci&#xF3;n o retenci&#xF3;n de sal (cloruro de Sodio y nitrito de sodio) y aun m&#xE1;s que la prueba de evaluaci&#xF3;n sensorial se realiz&#xF3; empleando galleta salada. Al evaluar la cabeza, se concluy&#xF3; que &#xE9;sta tiene una proporci&#xF3;n de carne (44 %) muy similar a la del hueso (43 %) y sesos es baja, al aprovechar la carne de &#xE9;sta en la elaboraci&#xF3;n de un producto se presento un buen rendimiento y una muy buena aceptaci&#xF3;n por los panelistas. La harina de sangre Como un productO para consumo animal se obtuvo un rendimiento del 20.3 % en base al peso fresco de la sangre, con una humedad promedio de 4.6 %.&#xA0;--</subfield>
  </datafield>
  <datafield tag="520" ind1="3" ind2=" ">
    <subfield code="a">The present study one has as objective to evaluate the derived by-products of the sacrifice of the rabbit, what bears to elaborate flour of blood and head cheese as well as to take advantage of the viscera for human consumption; and with it to determine the quantity of by-products that you/they are discarded in the slaughterhouses, being caused with it problems of contamination at the same time that a value is generated added to the waste products. The work one carries out with 108 rabbits of the New race Zelanda Blanco, weaned to the 30-32 days with an approximate weight of 700 g and sacrificed to the 85-90 days of age. In the feeding of the animals with those which you work tWo different commercial diets were used, birth-weaning (nursing) (32 days) Purina Special Type was used (CONEJINA AND F), in it fattens Purina Normal Type it was used (CONEJINA N). One observes a directly proportional relationship with regard to the weight of the channel (l average 50%) and the weight of the animal, likewise, is found that while smaller they are the animals the yield of the by-products it is bigger and smaller that of the channel. When taking advantage of the spoils in the obtaining of products for human consumption the results they were favorable, with the white and red viscera three products were elaborated of those which in the tripes or white bowels in sauce and the stomachs or padded paunches obtained a good degree of acceptance on the part of the panelists. the liver pate was the product that had a low acceptance (50%). The rabbit liver presented a great easiness for the absorption or retention of salt (chloride of sodium and saltpeter of sodium) and even more than the test of sensorial evaluation was carried out using salted cookie. When evaluating the head, you concluded that this has a proportion of very similar meat (44 %) to that of the bone (43%) and brains are low, when taking advantage of the meat of this in the elaboration of a product you presents a good yield and a very good acceptance for the panelists. The flour of blood as a product for animal consumption a yield of 20.3% was obtained based on the fresh weight of the blood, with a humidity average of 4.6%.&#xA0;</subfield>
  </datafield>
  <datafield tag="650" ind1="1" ind2="3">
    <subfield code="a">Carne de conejo</subfield>
    <subfield code="2">atg</subfield>
    <subfield code="x">Residuos no comestibles</subfield>
  </datafield>
  <datafield tag="650" ind1="1" ind2="3">
    <subfield code="a">Conejos</subfield>
    <subfield code="2">atg</subfield>
    <subfield code="x">Subproductos animales</subfield>
  </datafield>
  <datafield tag="650" ind1="1" ind2="3">
    <subfield code="a">Harina de sangre</subfield>
    <subfield code="2">atg</subfield>
  </datafield>
  <datafield tag="650" ind1="1" ind2="3">
    <subfield code="a">Rabbit meat  </subfield>
    <subfield code="2">atg</subfield>
    <subfield code="x">Inedible offal</subfield>
  </datafield>
  <datafield tag="650" ind1="1" ind2="3">
    <subfield code="a">Rabbits  </subfield>
    <subfield code="2">atg</subfield>
    <subfield code="x">Animal byproducts</subfield>
  </datafield>
  <datafield tag="650" ind1="1" ind2="3">
    <subfield code="a">Blood meal</subfield>
    <subfield code="2">atg</subfield>
  </datafield>
  <datafield tag="700" ind1="1" ind2=" ">
    <subfield code="a">Mejenes Quijano, Amilcar Ren&#xE1;n</subfield>
    <subfield code="e">director</subfield>
  </datafield>
  <datafield tag="700" ind1="1" ind2=" ">
    <subfield code="a">Mendoza Alvarez, Ma. Beatr&#xED;z</subfield>
    <subfield code="e">asesora</subfield>
  </datafield>
  <datafield tag="700" ind1="1" ind2=" ">
    <subfield code="a">Ram&#xED;rez Sep&#xFA;lveda, Marco Favio</subfield>
    <subfield code="e">asesor</subfield>
  </datafield>
  <datafield tag="901" ind1=" " ind2=" ">
    <subfield code="a">TESIS S55 2002</subfield>
  </datafield>
  <datafield tag="942" ind1=" " ind2=" ">
    <subfield code="c">TESIS</subfield>
    <subfield code="2">Clasificaci&#xF3;n Universidad Aut&#xF3;noma Chapingo</subfield>
  </datafield>
  <datafield tag="999" ind1=" " ind2=" ">
    <subfield code="c">220574</subfield>
    <subfield code="d">220574</subfield>
  </datafield>
  <datafield tag="952" ind1=" " ind2=" ">
    <subfield code="0">0</subfield>
    <subfield code="1">0</subfield>
    <subfield code="2">local</subfield>
    <subfield code="4">0</subfield>
    <subfield code="5">1</subfield>
    <subfield code="7">0</subfield>
    <subfield code="8">TESIS</subfield>
    <subfield code="a">IA_</subfield>
    <subfield code="b">IA_</subfield>
    <subfield code="d">2025-06-09</subfield>
    <subfield code="e">El autor</subfield>
    <subfield code="l">0</subfield>
    <subfield code="o">Tesis S55 2002</subfield>
    <subfield code="p">1101015525</subfield>
    <subfield code="r">2026-02-02 00:00:00</subfield>
    <subfield code="t">Ej. 1</subfield>
    <subfield code="w">2025-06-09</subfield>
    <subfield code="y">TESIS</subfield>
  </datafield>
  <datafield tag="952" ind1=" " ind2=" ">
    <subfield code="0">0</subfield>
    <subfield code="1">0</subfield>
    <subfield code="2">local</subfield>
    <subfield code="4">0</subfield>
    <subfield code="5">5</subfield>
    <subfield code="7">0</subfield>
    <subfield code="8">TESIS</subfield>
    <subfield code="a">IA_</subfield>
    <subfield code="b">IA_</subfield>
    <subfield code="e">El autor</subfield>
    <subfield code="l">1</subfield>
    <subfield code="o">Tesis S55 2002</subfield>
    <subfield code="p">1101015526</subfield>
    <subfield code="r">2026-03-02 10:15:10</subfield>
    <subfield code="s">2026-02-26</subfield>
    <subfield code="t">Ej. 2</subfield>
    <subfield code="y">TESIS</subfield>
  </datafield>
</record>
